[Event "LUX-chT 2016/17"]
[Site "Luxembourg"]
[Date "2017.03.19"]
[Round "9"]
[White "Roller, Paul"]
[Black "Sorensen, Ivan"]
[Result "0-1"]
[WhiteElo "1772"]
[BlackElo "2049"]
[PlyCount "86"]
[EventDate "2016.09.25"]
[EventType "team-tourn"]
[EventRounds "10"]
[EventCountry "LUX"]
[SourceTitle "EXT 2018"]
[Source "ChessBase"]
[SourceDate "2017.10.13"]
[SourceVersion "1"]
[SourceVersionDate "2017.10.13"]
[SourceQuality "1"]

1. e4 e6 2. d4 d5 3. Nc3 Nf6 4. Bg5 Bb4 5. e5 h6 6. Bd2 Bxc3 7. Bxc3 Ne4 8. Qg4 Kf8 9. Bd3 Nxc3 10. bxc3 c5 11. Nf3 Qa5 12. 0-0 c4 13. Be2 Qxc3 14. Rfc1 Nc6 15. Qf4 Bd7 16. h4 b6 17. h5 Ke7 18. Qh4+ Ke8 19. Qf4 Rg8 20. a3 Kf8 21. Ra2 Be8 22. Rd1 Qa5 23. Nh4 Ke7 24. Bxc4 dxc4 25. d5 exd5 26. e6 fxe6 27. Qc7+ Bd7 28. c3 Rac8 29. Ng6+ Ke8 30. Qg3 Ne7 31. Re2 Nxg6 32. Qxg6+ Ke7 33. Rde1 Rc6 34. Qh7 Re8 35. Qxg7+ Kd8 36. Qxh6 Qxc3 37. Qg5+ Kc8 38. h6 d4 39. h7 d3 40. Re5 d2 41. Rd1 Qc2 42. Qh5 Rh8 43. Qe2 Qxh7 0-1

[Event "Luxembourg-chT 1415"]
[Site "Luxembourg"]
[Date "2014.12.14"]
[Round "5"]
[White "Eisenbeiser, Amadeus"]
[Black "Roller, Paul"]
[Result "1-0"]
[WhiteElo "2381"]
[BlackElo "1902"]
[PlyCount "73"]
[EventDate "2014.10.05"]
[EventType "team-tourn"]
[EventRounds "10"]
[EventCountry "LUX"]
[SourceTitle "EXT 2017"]
[Source "ChessBase"]
[SourceDate "2016.10.25"]
[SourceVersion "1"]
[SourceVersionDate "2016.10.25"]
[SourceQuality "1"]

1. e4 e6 2. d4 d5 3. Nd2 c5 4. exd5 exd5 5. Bb5+ Nc6 6. Ngf3 Bd6 7. dxc5 Bxc5 8. 0-0 Nge7 9. Nb3 Bd6 10. Nfd4 0-0 11. Re1 Nxd4 12. Nxd4 Nf5 13. c3 Nxd4 14. Qxd4 Be6 15. Be3 Qc7 16. g3 Be5 17. Qd2 a6 18. Bf1 Bf6 19. Bd4 Be7 20. Bg2 b5 21. a3 a5 22. b4 axb4 23. axb4 Qb7 24. Qd3 Qc6 25. h4 Rfc8 26. Bf1 Qc4 27. Qd2 Qc6 28. Qe2 Qc4 29. Rxa8 Rxa8 30. Qxe6 fxe6 31. Bxc4 dxc4 32. Rxe6 Bd8 33. Rd6 Rb8 34. Kg2 Kf8 35. Rd7 Bf6 36. Bxf6 gxf6 37. Rxh7 1-0

[Event "Luxembourg-chT 1314"]
[Site "Luxembourg"]
[Date "2014.04.27"]
[Round "10"]
[White "Salentiny, Eric"]
[Black "Roller, Paul"]
[Result "1-0"]
[WhiteElo "1967"]
[BlackElo "1902"]
[PlyCount "58"]
[EventDate "2013.10.05"]
[EventType "team-tourn"]
[EventRounds "10"]
[EventCountry "LUX"]
[SourceTitle "EXT 2017"]
[Source "ChessBase"]
[SourceDate "2016.10.25"]
[SourceVersion "1"]
[SourceVersionDate "2016.10.25"]
[SourceQuality "1"]

1. f4 d5 2. b3 Nf6 3. Bb2 c6 4. Nf3 Bg4 5. e3 e6 6. h3 Bxf3 7. Qxf3 Nbd7 8. Nc3 Qc7 9. a4 Bd6 10. 0-0-0 0-0-0 11. g3 e5 12. d4 e4 13. Qg2 a6 14. g4 b5 15. g5 Ne8 16. axb5 axb5 17. Bxb5 cxb5 18. Nxd5 Qb7 19. Qxe4 Nb6 20. Qf5+ Kb8 21. Nxb6 Qxb6 22. Rh2 Nc7 23. c4 Bb4 24. Re2 Qa6 25. Rc2 Rc8 26. d5 Rhd8 27. c5 Qa2 28. Qd3 Rxd5 29. Qxd5 Qxb2+ 1-0

[Event "Luxembourg-chT 1213"]
[Site "Luxembourg"]
[Date "2013.04.10"]
[Round "8"]
[White "Barzen, Pascal"]
[Black "Roller, Paul"]
[Result "1-0"]
[WhiteElo "2180"]
[BlackElo "1902"]
[PlyCount "75"]
[EventDate "2012.10.??"]
[EventType "team-tourn"]
[EventRounds "10"]
[EventCountry "LUX"]
[SourceTitle "EXT 2017"]
[Source "ChessBase"]
[SourceDate "2016.10.25"]
[SourceVersion "1"]
[SourceVersionDate "2016.10.25"]
[SourceQuality "1"]

1. e4 e6 2. d4 d5 3. e5 c5 4. c3 Nc6 5. Nf3 Qb6 6. a3 c4 7. Nbd2 Bd7 8. b3 cxb3 9. Qxb3 Qxb3 10. Nxb3 f6 11. Bd3 Be7 12. 0-0 Nh6 13. exf6 Bxf6 14. Re1 b6 15. a4 Nf7 16. Ba3 Be7 17. Bxe7 Nxe7 18. a5 0-0 19. Ba6 Nc8 20. c4 dxc4 21. Bxc4 Re8 22. axb6 Nxb6 23. Bd3 Bc6 24. Ne5 Bd5 25. Nc5 Nxe5 26. Rxe5 g6 27. h4 Kf7 28. h5 Re7 29. hxg6+ hxg6 30. Rg5 Rg8 31. f4 Nc4 32. Kf2 Nd6 33. g4 Bc4 34. Bc2 Nb5 35. Ra4 Nd6 36. Ne4 Nxe4+ 37. Bxe4 Bb5 38. Rxb5 1-0

[Event "Luxembourg-chT 1112"]
[Site "Luxembourg"]
[Date "2011.12.10"]
[Round "3"]
[White "Roller, Paul"]
[Black "Schmit, Francis"]
[Result "1-0"]
[WhiteElo "1902"]
[BlackElo "1869"]
[PlyCount "69"]
[EventDate "2011.10.??"]
[EventType "team-tourn"]
[EventRounds "10"]
[EventCountry "LUX"]
[SourceTitle "EXT 2017"]
[Source "ChessBase"]
[SourceDate "2016.10.25"]
[SourceVersion "1"]
[SourceVersionDate "2016.10.25"]
[SourceQuality "1"]

1. e4 d5 2. exd5 Qxd5 3. Nc3 Qa5 4. d4 Nf6 5. Nf3 Bg4 6. h3 Qh5 7. Be2 Nc6 8. Be3 0-0-0 9. 0-0 e5 10. Ne4 Nxe4 11. hxg4 Qg6 12. d5 Be7 13. c4 h5 14. g5 Nxg5 15. Nxg5 Bxg5 16. Qa4 Nb8 17. Bxa7 h4 18. Bxb8 Kxb8 19. Qb3 h3 20. g3 f5 21. c5 h2+ 22. Kh1 Qf7 23. Rad1 c6 24. Bc4 cxd5 25. Bxd5 Qc7 26. c6 Rh6 27. cxb7 Rdd6 28. Rd3 Rb6 29. Qa4 Ra6 30. Qe8+ Bd8 31. Rc3 Rhe6 32. Rxc7 Kxc7 33. b8Q+ Kxb8 34. Qxd8+ Ka7 35. Qc7# 1-0

[Event "Luxembourg-ch"]
[Site "Luxembourg"]
[Date "1999.04.10"]
[Round "8"]
[White "Roller, Paul"]
[Black "Thill, Gerard"]
[Result "1/2-1/2"]
[WhiteElo "1890"]
[BlackElo "1824"]
[PlyCount "23"]
[EventDate "1999.04.03"]
[EventType "swiss"]
[EventRounds "9"]
[EventCountry "LUX"]
[SourceTitle "EXT 2005"]
[Source "ChessBase"]
[SourceDate "2004.11.15"]
[SourceVersion "1"]
[SourceVersionDate "2004.11.15"]
[SourceQuality "1"]

1. e4 c5 2. Nf3 d6 3. d4 cxd4 4. Nxd4 Nf6 5. Nc3 g6 6. Be2 Bg7 7. Be3 Nc6 8. Qd2 0-0 9. f3 Bd7 10. Nb3 Rc8 11. g4 a6 12. h4 1/2-1/2

[Event "Luxembourg-ch"]
[Site "Luxembourg"]
[Date "1999.04.08"]
[Round "6"]
[White "Roller, Paul"]
[Black "Gudendorf, Marc"]
[Result "1-0"]
[WhiteElo "1890"]
[BlackElo "1757"]
[PlyCount "101"]
[EventDate "1999.04.03"]
[EventType "swiss"]
[EventRounds "9"]
[EventCountry "LUX"]
[SourceTitle "EXT 2005"]
[Source "ChessBase"]
[SourceDate "2004.11.15"]
[SourceVersion "1"]
[SourceVersionDate "2004.11.15"]
[SourceQuality "1"]

1. e4 e5 2. Nf3 d6 3. d4 exd4 4. Nxd4 Nf6 5. Nc3 c6 6. Be2 Be7 7. 0-0 0-0 8. Be3 Ne8 9. Bd3 b6 10. a4 a5 11. f4 Bb7 12. Nf5 Nd7 13. Qe1 Bf6 14. Rd1 g6 15. Nh6+ Kg7 16. Ng4 h5 17. Nxf6 Nexf6 18. Bc1 Qe7 19. Qd2 Rh8 20. Rfe1 Rad8 21. Re2 Bc8 22. h3 Nc5 23. Bc4 Kg8 24. Qe1 Be6 25. Bxe6 Qxe6 26. e5 Nfd7 27. Rxd6 Qf5 28. Be3 Rc8 29. Red2 Kh7 30. Qf2 Rhe8 31. Qf3 Re6 32. Rxe6 fxe6 33. Qf2 Rc7 34. Qh4 Qf7 35. Qg5 Qg7 36. Qd8 Rb7 37. Qh4 Qf7 38. Qf2 Kh6 39. Rd6 Rc7 40. Qh4 Kh7 41. Qf2 Qe8 42. Qe2 Kg7 43. Qc4 Kf7 44. Ne4 Nxe4 45. Qxe4 c5 46. g4 hxg4 47. hxg4 Qg8 48. Qc4 Ke7 49. Bf2 Qh7 50. Qxe6+ Kd8 51. Qxg6 1-0

[Event "Luxembourg-ch"]
[Site "Luxembourg"]
[Date "1999.04.06"]
[Round "4"]
[White "Roller, Paul"]
[Black "Hansen, Herve"]
[Result "1-0"]
[WhiteElo "1890"]
[BlackElo "1762"]
[PlyCount "25"]
[EventDate "1999.04.03"]
[EventType "swiss"]
[EventRounds "9"]
[EventCountry "LUX"]
[SourceTitle "EXT 2005"]
[Source "ChessBase"]
[SourceDate "2004.11.15"]
[SourceVersion "1"]
[SourceVersionDate "2004.11.15"]
[SourceQuality "1"]

1. e4 c5 2. Nf3 e6 3. d4 cxd4 4. Nxd4 Nf6 5. Nc3 Bb4 6. Bd3 Nc6 7. Nf3 d5 8. exd5 Nxd5 9. Bd2 Nxc3 10. bxc3 Be7 11. 0-0 0-0 12. Qe2 b6 13. Qe4 1-0

[Event "Luxembourg-ch"]
[Site "Luxembourg"]
[Date "1999.04.05"]
[Round "3"]
[White "Agovic, Esad"]
[Black "Roller, Paul"]
[Result "1/2-1/2"]
[WhiteElo "1681"]
[BlackElo "1890"]
[PlyCount "39"]
[EventDate "1999.04.03"]
[EventType "swiss"]
[EventRounds "9"]
[EventCountry "LUX"]
[SourceTitle "EXT 2005"]
[Source "ChessBase"]
[SourceDate "2004.11.15"]
[SourceVersion "1"]
[SourceVersionDate "2004.11.15"]
[SourceQuality "1"]

1. d4 Nf6 2. Nf3 d5 3. e3 c5 4. Nc3 cxd4 5. Qxd4 Nc6 6. Bb5 Bd7 7. Bxc6 Bxc6 8. Ne5 e6 9. Nxc6 bxc6 10. 0-0 Be7 11. a3 c5 12. Qa4+ Qd7 13. Nb5 0-0 14. Nc3 Rfb8 15. b3 Rb7 16. Bb2 Rab8 17. Qf4 Qc7 18. Qf3 Rd8 19. Rad1 Qb8 20. Ne2 1/2-1/2

[Event "Luxembourg-ch"]
[Site "Luxembourg"]
[Date "1999.04.03"]
[Round "1"]
[White "Steinmetzer, Jacques"]
[Black "Roller, Paul"]
[Result "0-1"]
[WhiteElo "1595"]
[BlackElo "1890"]
[PlyCount "36"]
[EventDate "1999.04.03"]
[EventType "swiss"]
[EventRounds "9"]
[EventCountry "LUX"]
[SourceTitle "EXT 2005"]
[Source "ChessBase"]
[SourceDate "2004.11.15"]
[SourceVersion "1"]
[SourceVersionDate "2004.11.15"]
[SourceQuality "1"]

1. b3 d5 2. Bb2 Nc6 3. e3 e5 4. Bb5 Bd6 5. Nf3 Qe7 6. 0-0 Nf6 7. c4 Bd7 8. Re1 0-0 9. Nc3 dxc4 10. Bxc4 a6 11. Ng5 e4 12. Bd5 Nxd5 13. Qh5 h6 14. Nxd5 Qxg5 15. Qxg5 hxg5 16. Bf6 gxf6 17. Nxf6+ Kg7 18. Nxd7 Rfd8 0-1